MARC

LEADER 00000nam0a2200000 4500
001 681486
005 20251126120402.0
090 |a 681486 
100 |a 20250829d1923 km|y0rusy50 ba 
101 0 |a ger 
102 |a DE 
105 |a a z 001yy 
181 0 |a i   |b  e  
182 0 |a n 
183 0 |a nc  |2 RDAcarrier 
200 1 |a Gesteins- und Mineralprovinzen. Band 1: Einführung  |f Paul Niggli und P. J. Beger 
203 |a Текст  |b визуальный  |c непосредственный 
210 |a Berlin  |c Verlag von Gebrüder Borntraeger  |d 1923 
215 |a 604 s.  |c il. 
283 |a volume  |2 RDAcarrier 
316 |5 63413507: КР-8107  |a На доп. титульном листе, титульном листе владельческая подпись: «М. Усов» 
317 |5 63413507: КР-8107  |a Поступила в НТБ в 1940 г. в составе книжного собрания академика М. А. Усова 
320 |a Literaturverzeichnis zu Teil VI: S. 575-577 
320 |a Gesteins- und Mineralverzeichnis für Teil I - V: S. 583-590 
320 |a Autorenregister zu den Teilen I bis V: S. 591-592 
320 |a Sachregister zu den Teilen I bis V: S. 593-596 
320 |a Sachregister zu den Teilen VI: S. 597-602 
606 |a Горные породы  |9 35440 
606 |a Минеральные ресурсы  |9 63442 
610 1 |a геология 
610 1 |a полезные ископаемые 
610 1 |a осадочные образования 
610 1 |a магматические отложения 
610 1 |a минеральные провинции 
610 1 |a магматические месторождения 
610 1 |a метаморфические образования 
610 1 |a метаморфозные образования 
610 1 |a химические свойсва 
610 1 |a извержение 
610 1 |a магма 
610 1 |a химический анализ 
610 1 |a минералы 
610 1 |a немецкий язык 
610 1 |a Библиотека М. А. Усова 
610 1 |a владельческая подпись 
610 1 |a дары библиотеке 
675 |a 552  |v 4 
675 |a 553.04  |v 4 
700 1 |a Niggli  |b P.   |g Paul 
701 1 |a Beger  |b P. J.  
801 0 |c 20250903  |a RU  |b 63413507 
942 |c BK